[Event "Genesee County CC-ch"]
[Site "Flint"]
[Date "2001.10.17"]
[Round "2"]
[White "Schniers, Steve"]
[Black "DeVoss, Gary"]
[Result "0-1"]
[WhiteElo "638"]
[BlackElo "913"]
[PlyCount "64"]
[EventDate "2001.10.10"]
[EventType "swiss"]
[EventRounds "5"]
[EventCountry "USA"]
[SourceTitle "EXT 2009"]
[Source "ChessBase"]
[SourceDate "2008.11.26"]
[SourceVersion "1"]
[SourceVersionDate "2008.11.26"]
[SourceQuality "1"]

1. f4 c6 2. e4 Qc7 3. g3 e5 4. Qf3 Nf6 5. Bc4 d6 6. f5 b5 7. Bb3 a6 8. Nc3 Bb7 9. d3 Nbd7 10. Nge2 Nb6 11. Bg5 Be7 12. 0-0-0 h6 13. Bxf6 Bxf6 14. Qh5 0-0 15. g4 Rad8 16. Rhg1 Bg5+ 17. Kb1 d5 18. exd5 cxd5 19. Nxd5 Nxd5 20. Nc3 Nxc3+ 21. bxc3 Qxc3 22. Rge1 Bd5 23. Bxd5 Rxd5 24. Qh3 Rc8 25. Qg2 b4 26. Qxd5 Qxc2+ 27. Ka1 Bf6 28. d4 exd4 29. Rxd4 Qc3+ 30. Kb1 Qxe1+ 31. Rd1 Qc3 32. Qd7 Qa1# 0-1